| 000 | 00493cas a22001815a 4500 | ||
|---|---|---|---|
| 001 | L139794 | ||
| 008 | 070809c2007 xxkgr p 0 a0eng u | ||
| 035 | _a(Sirsi) u139794 | ||
| 041 | 0 | _aeng | |
| 110 | 2 |
_aRoyal Institution of Chartered Surveyors _94900 |
|
| 245 | 0 | 0 | _aJournal of African Real Estate Research |
| 260 |
_aLondon _bRICS _c2007- |
||
| 362 | 0 | _a1(1) October 2007- | |
| 651 | 4 | _aAfrica | |
| 690 | _aPROPERTY | ||
| 710 | 2 |
_aAfrican Real Estate Society _96185 |
|
| 942 |
_n0 _2ddc |
||
| 999 |
_c119125 _d119125 |
||